The Oxford 5000 - Letter V - Translate from Polish to English - Statystyki

Ogólne statystyki
  • Ten quiz został rozwiązany 6 razy
  • Średni wynik to 20 z 34
Statystyki odpowiedzi
Polish Angielski % Poprawnych
ważny (np. bilet, argument), uzasadniony valid
100%
znikać (często nagle lub bez śladu) vanish
100%
odmiana, wariacja, wahanie (np. temperatury) variation
100%
słowny, ustny, werbalny verbal
100%
wyrok, werdykt verdict
100%
weryfikować, sprawdzać verify
100%
wiersz (poezja), zwrotka, werset verse
100%
kontra, przeciwko versus
100%
pionowy vertical
100%
weteran veteran
100%
wiza visa
100%
widoczny visible
100%
głosowanie voting
100%
ważność, zasadność, prawomocność validity
75%
głośno wyrażający opinię, wokalny/głosowy vocal
75%
próżnia, odkurzać vacuum
50%
zmienna / zmienny variable
50%
żyła, ton/nastrój vein
50%
statek/okręt, naczynie vessel
50%
punkt widzenia viewpoint
50%
przysięgać, ślubować, przysięga vow
50%
podatność (na zranienie/atak), wrażliwość vulnerability
50%
bezbronny, wrażliwy, podatny na zranienie vulnerable
50%
różnorodny, urozmaicony varied
25%
okrutny, złośliwy, brutalny vicious
25%
naruszać, łamać (np. zasady, prawo), profanować violate
25%
naruszenie, pogwałcenie violation
25%
cnota virtue
25%
dobrowolny voluntary
25%
niejasny, niewyraźny, mglisty vague
0%
przedsięwzięcie (często ryzykowne) / zaryzykować venture
0%
wykonalny, realny, rentowny (np. plan, biznes) viable
0%
tętniący życiem, żywy, jaskrawy (o kolorze) vibrant
0%
wada (charakteru), nałóg, występek vice
0%
Nie znaleziono quizów pasujących do podanych kryteriów
Rozkład punktacji
Procent ludzi z każdym wynikiem
Percentyl według liczby udzielonych odpowiedzi
Twoja historia wyników
Nie rozwiązałeś tego quizu